000 00916nam a2200229Ia 4500
003 OSt
005 20221002044212.0
006 a|||||r|||| 00| 0
007 ta
008 220930b |||||||| |||| 00| 0 hin d
020 _a8177142704 (hbk)
_c6000
024 _a92419
037 _b415, 23/03/2009, Swaraj Prakashan
_cReference Collections
040 _aCRL
_cCRL
_bhin
041 _2hin
_ahin
082 _aO152,6M83x, P7.1-.8 (RR)
100 _aओमप्रकाश सिंह, संपा.
245 0 _aआचार्य रामचन्द्र शुक्ल ग्रन्थावली
260 _aनयी
_bदिल्ली प्रकाशन संस्थान
_c2007
942 _hO152,6M83x, P7.1-.8 (RR)
_cref
_2CC
999 _c909853
_d909853